Nationality of the Top 20 DJs (DJ MAG 2022) - Statistics

General Stats
  • This quiz has been taken 107 times
  • The average score is 16 of 20
Answer Stats
Picture Answer % Correct
Steve Aoki : USA
98%
David Guetta : France
95%
KSHMR : USA
95%
Afrojack : Netherlands
88%
Armin Van Buuren : Netherlands
88%
Don Diablo : Netherlands
88%
Fedde Le Grand : Netherlands
88%
Martin Garrix : Netherlands
88%
Nicky Romero : Netherlands
88%
Oliver Heldens : Netherlands
88%
R3hab : Netherlands
88%
Tiesto : Netherlands
88%
W&W : Netherlands
88%
Charlotte De Witte : Belgium
76%
Dimitri Vegas & Like Mike : Belgium
76%
Timmy Trumpet : Australia
71%
Alan Walker : England
61%
Calvin Harris : Scotland
40%
Alok : Brasil
36%
Vintage Culture : Brasil
36%
No matching quizzes found
Score Distribution
Percent of People with Each Score
Percentile by Number Answered
Your Score History
You have not taken this quiz